| 000 | 00639nam a22001937a 4500 | ||
|---|---|---|---|
| 999 |
_c5396 _d5396 |
||
| 003 | OSt | ||
| 005 | 20220412134709.0 | ||
| 008 | 220412b ||||| |||| 00| 0 eng d | ||
| 020 | _a0914904426 | ||
| 020 | _a9780914904427 | ||
| 040 | _cALUPE UNIVERSITY | ||
| 050 |
_aRA395 _b.P47 1980 |
||
| 245 |
_aPerspectives on Canadian health and social services policy : _b history and emerging trends _cedited by Carl A. Meilicke and Janet L. Storch |
||
| 260 |
_a Ann Arbor, Mich. : _b Health Administration Press, _c.c1980 |
||
| 300 |
_axii, 520 pages ; _c24 cm. |
||
| 500 | _aIncludes index | ||
| 700 | _a Janet L Storch; | ||
| 942 |
_2lcc _cBK _nBA |
||